Score 0/10 Timer 02:00
6 Plays Today
% Correct
Spaghetti
97.8%
Ravioli
95.1%
Macaroni
92.3%
Tortellini
86.1%
Ruote
83%
Farfalle
81.2%
Cannelloni
76.2%
Tagliatelle
69.4%
Fusilli
67.5%
Cellentani
61.8%

You're not logged in!

Compare scores with friends on all Sporcle quizzes.
OR
Log In

Sporcle TV

Today on Sporcle TV


Watch our educational content, quiz creation guides, and fun videos on Sporcle TV.

Show Comments

Extras

Top Quizzes Today


Score Distribution

Your Account Isn't Verified!

In order to create a playlist on Sporcle, you need to verify the email address you used during registration. Go to your Sporcle Settings to finish the process.

Report this User

Report this user for behavior that violates our Community Guidelines.

Details: